<?xml version="1.0" encoding="UTF-8"?>
<record
    xmlns:xsi="http://www.w3.org/2001/XMLSchema-instance"
    xsi:schemaLocation="http://www.loc.gov/MARC21/slim http://www.loc.gov/standards/marcxml/schema/MARC21slim.xsd"
    xmlns="http://www.loc.gov/MARC21/slim">

  <leader>00377nam a22001337a 4500</leader>
  <datafield tag="082" ind1=" " ind2=" ">
    <subfield code="a">340.076</subfield>
    <subfield code="b">PAD</subfield>
  </datafield>
  <datafield tag="100" ind1=" " ind2=" ">
    <subfield code="a">Padyar, Ch. Sabar Ali</subfield>
  </datafield>
  <datafield tag="245" ind1=" " ind2=" ">
    <subfield code="a">Law GAT 2023:</subfield>
    <subfield code="b">Including All Bare Acts &amp; MCQS /</subfield>
    <subfield code="c">Ch. Sabar Ali Padyar</subfield>
  </datafield>
  <datafield tag="260" ind1=" " ind2=" ">
    <subfield code="a">Lahore :</subfield>
    <subfield code="b">Irfan Law Book House,</subfield>
    <subfield code="c">2024.</subfield>
  </datafield>
  <datafield tag="300" ind1=" " ind2=" ">
    <subfield code="a">728 p.</subfield>
  </datafield>
  <datafield tag="563" ind1=" " ind2=" ">
    <subfield code="a">PB.</subfield>
  </datafield>
  <datafield tag="650" ind1=" " ind2=" ">
    <subfield code="a">Law, Law GAT</subfield>
    <subfield code="9">128283</subfield>
  </datafield>
  <datafield tag="942" ind1=" " ind2=" ">
    <subfield code="2">ddc</subfield>
    <subfield code="c">BK</subfield>
  </datafield>
  <datafield tag="999" ind1=" " ind2=" ">
    <subfield code="c">613303</subfield>
    <subfield code="d">613303</subfield>
  </datafield>
  <datafield tag="952" ind1=" " ind2=" ">
    <subfield code="0">0</subfield>
    <subfield code="1">0</subfield>
    <subfield code="2">ddc</subfield>
    <subfield code="4">0</subfield>
    <subfield code="6">340_076000000000000_PAD</subfield>
    <subfield code="7">0</subfield>
    <subfield code="9">638646</subfield>
    <subfield code="a">NLS</subfield>
    <subfield code="b">NLS</subfield>
    <subfield code="d">2025-03-13</subfield>
    <subfield code="l">2</subfield>
    <subfield code="m">1</subfield>
    <subfield code="o">340.076 PAD</subfield>
    <subfield code="p">NLS-1228</subfield>
    <subfield code="r">2025-10-23</subfield>
    <subfield code="s">2025-10-15</subfield>
    <subfield code="w">2025-03-13</subfield>
    <subfield code="y">BK</subfield>
  </datafield>
  <datafield tag="952" ind1=" " ind2=" ">
    <subfield code="0">0</subfield>
    <subfield code="1">0</subfield>
    <subfield code="2">ddc</subfield>
    <subfield code="4">0</subfield>
    <subfield code="6">340_076000000000000_PAD</subfield>
    <subfield code="7">0</subfield>
    <subfield code="9">638647</subfield>
    <subfield code="a">NLS</subfield>
    <subfield code="b">NLS</subfield>
    <subfield code="d">2025-03-13</subfield>
    <subfield code="l">2</subfield>
    <subfield code="o">340.076 PAD</subfield>
    <subfield code="p">NLS-1229</subfield>
    <subfield code="r">2025-07-28</subfield>
    <subfield code="s">2025-07-09</subfield>
    <subfield code="w">2025-03-13</subfield>
    <subfield code="y">BK</subfield>
  </datafield>
  <datafield tag="952" ind1=" " ind2=" ">
    <subfield code="0">0</subfield>
    <subfield code="1">0</subfield>
    <subfield code="2">ddc</subfield>
    <subfield code="4">0</subfield>
    <subfield code="6">340_076000000000000_PAD</subfield>
    <subfield code="7">0</subfield>
    <subfield code="9">638648</subfield>
    <subfield code="a">NLS</subfield>
    <subfield code="b">NLS</subfield>
    <subfield code="d">2025-03-13</subfield>
    <subfield code="l">2</subfield>
    <subfield code="o">340.076 PAD</subfield>
    <subfield code="p">NLS-1230</subfield>
    <subfield code="r">2025-08-01</subfield>
    <subfield code="s">2025-07-09</subfield>
    <subfield code="w">2025-03-13</subfield>
    <subfield code="y">BK</subfield>
  </datafield>
</record>
